000 00640nam a2200229Ia 4500
003 OSt
005 20221007072029.0
006 a|||||r|||| 00| 0
007 ta
008 221006b |||||||| |||| 00| 0 eng d
024 _a11,522
037 _cTextual
040 _aFLL
_cFLL
_beng
041 _2eng
_aeng
082 _aV202:20Wo72:N3, G6
100 _aVaradachariar N.D.
_9689935
245 0 _aIndian states in the federation
260 _aLondon
_bOxford University Press London
_c1936
300 _a157p
_ccm.
942 _hV202:20Wo72:N3, G6
_cTEXL
_2CC
999 _c1145030
_d1145030